000 00546nam a22001817a 4500
005 20251108174829.0
008 250721s2009 xx 000 0 ara d
082 1 4 _a613.7/عاد
100 1 _aعادل، أيمن محمد
245 1 0 _aدليلك إلى تأسيس طريقة أفضل لأكل الريجيم الغذائي /
264 1 _aالجيزة :
_bمكتبة النافذة،
_c2009.
300 _a132ص.
650 1 7 _aالتغذية
650 1 7 _aالصحة
650 1 7 _aالريجيم
942 _2ddc
_cBK
999 _c119175
_d119175